Les plantes du monde. tome III, Les plantes à fleurs /
Đã lưu trong:
| 主要作者: | |
|---|---|
| 格式: | Sách giấy |
| 语言: | French |
| 出版: |
Francaise :
Hachette,
1966.
|
| 标签: |
添加标签
没有标签, 成为第一个标记此记录!
|
| Thư viện lưu trữ: | Thư viện Trường Đại học Đà Lạt |
|---|
| LEADER | 00684nam a2200301 4500 | ||
|---|---|---|---|
| 001 | DLU140166085 | ||
| 005 | ##20141209 | ||
| 040 | # | # | |a DLU |b vie |
| 041 | # | # | |a fre |
| 044 | # | # | |a vn |
| 082 | # | # | |a 581 |b BO-K |
| 100 | # | # | |a Boedyn, K.. |
| 245 | # | # | |a Les plantes du monde. |n tome III, |p Les plantes à fleurs / |c K., Boedyn |
| 260 | # | # | |a Francaise : |b Hachette, |c 1966. |
| 300 | # | # | |a 390 tr. : |b ill ; |c 29 cm. |
| 923 | # | # | |a 06/2014 |
| 990 | # | # | |a t.III |
| 991 | # | # | |a SH |
| 992 | # | # | |a 11700 |
| 994 | # | # | |a DLU |
| 998 | # | # | |a TK |
| 900 | # | # | |a True |
| 911 | # | # | |a Đào Thị Thu Huyền |
| 925 | # | # | |a G |
| 926 | # | # | |a A |
| 927 | # | # | |a SH |
| 980 | # | # | |a Thư viện Trường Đại học Đà Lạt |